Oxford Idioms Dictionary for learners of English

Detalles Bibliográficos
Otros Autores: Parkinson D. Dilys
Sumario:A new edition of the dictionary that explains more than 10,000 of the most frequently used idioms in English today. This new edition has hundreds of new idioms and examples taken from our corpus. It also has more notes on the origins of idioms, notes to help with difficult vocabulary, study pages, exercises and cartoons to aid learning and add interest.
Lenguaje:inglés
Publicado: New York, Oxford University Press, 2010
Materias:
Formato: Libro
KOHA link:https://koha.lib.tpu.ru/cgi-bin/koha/opac-detail.pl?biblionumber=200309

MARC

LEADER 00000nam0a2200000 4500
001 200309
005 20231101224939.0
010 |a 9780194317238 
035 |a (RuTPU)RU\TPU\book\218376 
035 |a RU\TPU\book\70884 
090 |a 200309 
100 |a 20110905d2010 m y0engy50 ba 
101 0 |a eng 
102 |a US 
105 |a a e 000zy 
200 1 |a Oxford Idioms Dictionary for learners of English  |f senior ed. D. Parkinson 
210 |a New York  |c Oxford University Press  |d 2010 
215 |a 469 p.  |c ill. 
330 |a A new edition of the dictionary that explains more than 10,000 of the most frequently used idioms in English today. This new edition has hundreds of new idioms and examples taken from our corpus. It also has more notes on the origins of idioms, notes to help with difficult vocabulary, study pages, exercises and cartoons to aid learning and add interest. 
606 1 |a Английский язык  |x Лексикология  |2 stltpush  |3 (RuTPU)RU\TPU\subj\29056  |9 52468 
606 1 |a Английский язык  |x Словари  |2 stltpush  |3 (RuTPU)RU\TPU\subj\69128  |9 84097 
610 1 |a лексикология 
610 1 |a фразеология 
686 |a Ш143.21-4  |v LBC/SL-A  |2 rubbk 
686 |a Ш143.21-33  |v LBC/SL-A  |2 rubbk 
702 1 |a Parkinson  |b D.  |g Dilys  |4 651 
801 1 |a RU  |b 63413507  |c 20040902  |g PSBO 
801 2 |a RU  |b 63413507  |c 20230309  |g PSBO 
942 |c BK